00930nam a2200229Ia 4500003000900000008004100009020001800050040001600068080002200084111008000106245023200186260005800418300001700476490003400493650003100527650001400558650001300572700002600585700002300611700002400634710004200658IN-BaIIA211028s9999 xx 000 0 eng d a1-886733-94-5 cIIA Library a082.2:52bASP-172 aMeeting Astronomical Data Analysis Software and SystemscUSAd1998 Nov. 1-4 0aAstronomical data analysis software and systemsbviii, proceedings of a meeting held in Iurbana, llinois, USA, 1-4 Nov 1998cedited by D. M. Mehringer, R. L. Plante and D. A. Roberts  aCaliforniabAstronomical Society of the Pacificc1999 axxxix, 519p. aASP conference series; v. 172 aAstronomical data analysis aAstronomy aSoftware aMehringer, D. M., ed. aPlante, R. L., ed. aRoberts, D. A., ed. aAstronomical Society of the PacificĀ